Možnosti a prínosy virtualizácie v podnikovej informatike
Prehľad rôznych typov virtualizácie, ktoré sú použiteľné v podnikovej informatike, spolu so zrozumiteľnými a presnými vysvetleniami ich špecifík a vzájomných odlišností. Virtualizácia serverov, osobných počítačov, dátových úložísk, aplikácií.
Guardado en:
| Autor principal: | |
|---|---|
| Formato: | Capítulo de libro |
| Lenguaje: | eslovaco |
| Materias: | |
| Etiquetas: |
Sin Etiquetas, Sea el primero en etiquetar este registro!
|
MARC
| LEADER | 00000nla a2200000 4500 | ||
|---|---|---|---|
| 001 | 0237520 | ||
| 005 | 20240502073833.2 | ||
| 041 | 0 | |a slo | |
| 044 | |a SK | ||
| 245 | 1 | 0 | |a Možnosti a prínosy virtualizácie v podnikovej informatike |c Pavol Jurík |
| 520 | |a Prehľad rôznych typov virtualizácie, ktoré sú použiteľné v podnikovej informatike, spolu so zrozumiteľnými a presnými vysvetleniami ich špecifík a vzájomných odlišností. Virtualizácia serverov, osobných počítačov, dátových úložísk, aplikácií. | ||
| 610 | 2 | 0 | |a informatika |
| 610 | 2 | 0 | |a podnik |
| 610 | 2 | 0 | |a servery |
| 610 | 2 | 0 | |a virtualizácia |
| 100 | 1 | |a Jurík, Pavol, 1987- | |